| 000 | 01043nam a2200265 a 4500 | ||
|---|---|---|---|
| 999 |
_c10914 _d10914 |
||
| 001 | 10914 | ||
| 003 | BD-JhCC | ||
| 005 | 20220825134022.0 | ||
| 008 | 190528b2018 bd ||||| a||| 00| 0 eng d | ||
| 020 | _a9789849264202 | ||
| 035 | _a(BD-JhCC)10914 | ||
| 040 |
_aBD-JhCC _dBD-JhCC |
||
| 041 | _aben | ||
| 082 |
_bOKA 2018 _a291.44 |
||
| 100 | _aওকাওয়া, রাউহো | ||
| 245 |
_aএন আনসেকায়েবল মাইন্ড অটল মন : _b জীবনের কঠিন সমস্যাগুলোকে জয় করার মানসিক প্রক্রিয়া / _cরাউহো ওকাওয়া, রুদ্র রাইয়ান (অনু.) |
||
| 260 |
_aঢাকা: _bমুক্তদেশ; _c2018. |
||
| 300 |
_a111 p. : _c21 cm. |
||
| 650 |
_aMaturation (Psychology) _vReligious aspects |
||
| 650 | _aSelf-confidence | ||
| 650 | _aSpiritual life--Buddhism | ||
| 700 | _aরাইয়ান, রুদ্র | ||
| 942 |
_2ddc _cBK _03 |
||